Teorías de la motivación : (Record no. 137344)
[ view plain ]
| 000 -LEADER | |
|---|---|
| fixed length control field | nam a22 7a 4500 |
| 005 - DATE AND TIME OF LATEST TRANSACTION | |
| control field | 20171016125859.0 |
| 008 - FIXED-LENGTH DATA ELEMENTS--GENERAL INFORMATION | |
| fixed length control field | 171016b ag||||| |||| 00| 0 spa d |
| 050 04 - LIBRARY OF CONGRESS CALL NUMBER | |
| Classification number | BF683 |
| Item number | M33 1972 |
| 100 1# - MAIN ENTRY--PERSONAL NAME | |
| Personal name | Madsen, K. B. |
| 245 10 - TITLE STATEMENT | |
| Title | Teorías de la motivación : |
| Remainder of title | Un estudio comparativo de las teorías modernas de la motivación |
| Statement of responsibility, etc | K. B. Madsen ; tr. Jorge Platigorski |
| 260 ## - PUBLICATION, DISTRIBUTION, ETC. (IMPRINT) | |
| Place of publication, distribution, etc | Buenos Aires : |
| Name of publisher, distributor, etc | Paidos, |
| Date of publication, distribution, etc | 1972 |
| 300 ## - PHYSICAL DESCRIPTION | |
| Extent | 381 p. |
| Dimensions | 23 cm |
| 440 #0 - SERIES STATEMENT/ADDED ENTRY--TITLE | |
| Title | Biblioteca Psicologías del Siglo XX |
| Number of part/section of a work | 13 |
| 500 ## - GENERAL NOTE | |
| General note | Traducción de : Theories of motivation |
| 650 #4 - SUBJECT ADDED ENTRY--TOPICAL TERM | |
| Topical term or geographic name as entry element | Motivación |
| General subdivision | Psicología |
| 700 1# - ADDED ENTRY--PERSONAL NAME | |
| Personal name | Platigorski, Jorge tr. |
| 942 ## - ADDED ENTRY ELEMENTS (KOHA) | |
| Source of classification or shelving scheme | Biblioteca del Cogreso de los Estados Unidos |
| Koha item type | Libro |
| Estado de pérdida | Fuente de clasificación | Estado del daño | No para préstamo | Ubicación permanente | Ubicación actual | Apartado o colección | Fecha de adquisición | Fuente de adquisición | Edición | Enumeración de Serie / Cronológica | Dependencia de educación superior (DES) | Área del conocimiento | Clasificación | Código de Barras | Date last seen | Número de copia | Tipo de recurso |
|---|---|---|---|---|---|---|---|---|---|---|---|---|---|---|---|---|---|
| Biblioteca del Cogreso de los Estados Unidos | Biblioteca de la Facultad de Psicología | Biblioteca de la Facultad de Psicología | General | 16/10/2017 | Donación | 2a. | BFP000012216 | Ciencias de la Salud | Ciencias de la Salud | BF683 M33 1972 | BFP000012216 | 16/10/2017 | 1 | Libro |